000 00556cam a22002291 4500
001 sa 67006328
003 DLC
005 20260227112406.0
008 940607s1964 ii b 000 1 kano
010 _asa 67006328
025 _aPL480:I-Kan-803
035 _a(OCoLC)30568331
040 _aDLC
_cCU
_dCU
_dDLC
042 _apremarc
050 0 0 _aPL4659.P797
_bS2
100 0 _aKuvempu,
_d1904-1994.
245 1 0 _aSaṣṭi namana.
260 _c[1964]
300 _a272 p.
_c19 cm.
500 _aIn Kannada.
504 _aBibliographical footnotes.
999 _c75862
_d75862